Historia por Letra - L - Estadísticas

Estadísticas generales
  • Esta prueba ha sido intentada 5.137 veces
  • La puntuación promedio es 9 de 20
Estadísticas de respuestas
Pista Respuesta % Correcto
Nombre de 18 reyes franceses Luis
96%
Idioma de la antigua Roma Latín
94%
Líder de los bolcheviques Vladimir Lenin
84%
País africano que fue fundado para los esclavos americanos liberados Liberia
83%
El presidente de los EE.UU. durante la Guerra Civil Abraham Lincoln
72%
Clavó 95 tesis en la puerta de una iglesia alemana Martín Lutero
70%
El territorio de Hezbollah Líbano
59%
Líder espartano en las Termópilas Leónidas
55%
El rey belga que explotó brutalmente el Congo Leopoldo II
47%
Enemigos de la Casa de York Casa de Lancaster
33%
La rama de guerra aérea de la Alemania nazi Luftwaffe
33%
La ciudad egipcia, alguna vez llamada Tebas Lúxor
33%
El "Padre de la Química Moderna" francés Antoine Lavoisier
23%
Un transatlántico que fue hundido por un U-boot en 1915 Lusitania
23%
Juego de palos inventado por los indígenas canadienses Lacrosse
18%
La tribu germánica que gobernó Italia de 568 a 774 Lombardos
17%
Con Clark, exploró la Compra de Louisiana Meriwether Lewis
17%
Presumiblemente, Stanley lo encontró David Livingstone
13%
La primera persona en volar en solitario y sin escalas de Nueva York a París Charles Lindbergh
10%
La antigua capital de los imperios Mughal y Sikh Lahore
8%
No se encontraron pruebas coincidentes
Distribución de puntuación
Porcentaje de gente con cada puntuación
Porcentaje por número respondido
Historial de tus puntuaciones
No has intentado esta prueba.